Sports Quiz

Random Sports or Rugby Quiz

Super League Play-Off Teams Quiz Stats

 Plays Quiz not verified by Sporcle

Challenge
Share
Tweet
Embed
Score 0/134 Timer 10:00
0 Plays Today
Year Answer % Correct
1998Leeds Rhinos
100%
1999Leeds Rhinos
100%
2000Leeds Rhinos
100%
2001Leeds Rhinos
100%
2002Leeds Rhinos
100%
2003Leeds Rhinos
100%
2004Leeds Rhinos
100%
2005Leeds Rhinos
100%
2006Leeds Rhinos
100%
2007Leeds Rhinos
100%
2008Leeds Rhinos
100%
2009Leeds Rhinos
100%
2010Leeds Rhinos
100%
2011Leeds Rhinos
100%
2012Leeds Rhinos
100%
2013Leeds Rhinos
100%
2014Leeds Rhinos
100%
2015Leeds Rhinos
100%
2017Castleford Tigers
100%
2017Leeds Rhinos
100%
2017St Helens
100%
2017Wigan Warriors
100%
2017Salford Red Devils
100%
1998Wigan Warriors
99.2%
1998St Helens
99.2%
1999St Helens
99.2%
1999Wigan Warriors
99.2%
2000Wigan Warriors
99.2%
2000St Helens
99.2%
2001Wigan Warriors
99.2%
2001St Helens
99.2%
2002St Helens
99.2%
2002Wigan Warriors
99.2%
2003Wigan Warriors
99.2%
2003St Helens
99.2%
2004Wigan Warriors
99.2%
2004St Helens
99.2%
2005St Helens
99.2%
2006St Helens
99.2%
2007St Helens
99.2%
2007Wigan Warriors
99.2%
2008St Helens
99.2%
2008Wigan Warriors
99.2%
2009St Helens
99.2%
2009Wigan Warriors
99.2%
Year Answer % Correct
2010Wigan Warriors
99.2%
2010St Helens
99.2%
2011Wigan Warriors
99.2%
2011St Helens
99.2%
2012Wigan Warriors
99.2%
2012St Helens
99.2%
2013Wigan Warriors
99.2%
2013St Helens
99.2%
2014St Helens
99.2%
2014Wigan Warriors
99.2%
2015Wigan Warriors
99.2%
2015St Helens
99.2%
2016Wigan Warriors
99.2%
2016St Helens
99.2%
2001Hull FC
98.4%
2002Hull FC
98.4%
2003Warrington Wolves
98.4%
2004Hull FC
98.4%
2005Warrington Wolves
98.4%
2005Hull FC
98.4%
2006Hull FC
98.4%
2006Warrington Wolves
98.4%
2007Hull FC
98.4%
2008Warrington Wolves
98.4%
2010Warrington Wolves
98.4%
2010Hull FC
98.4%
2011Warrington Wolves
98.4%
2011Hull FC
98.4%
2012Warrington Wolves
98.4%
2012Hull FC
98.4%
2013Warrington Wolves
98.4%
2013Hull FC
98.4%
2014Warrington Wolves
98.4%
2015Warrington Wolves
98.4%
2015Hull FC
98.4%
2016Warrington Wolves
98.4%
2016Hull FC
98.4%
2017Hull FC
97.1%
1999Castleford Tigers
96.8%
2000Castleford Tigers
96.8%
2002Castleford Tigers
96.8%
2009Castleford Tigers
96.8%
2014Castleford Tigers
96.8%
2015Castelford Tigers
96.8%
2016Castleford Tigers
96.8%
Year Answer % Correct
1998Bradford Bulls
96%
1999Bradford Bulls
96%
2000Bradford Bulls
96%
2001Bradford Bulls
96%
2002Bradford Bulls
96%
2003Bradford Bulls
96%
2004Bradford Bulls
96%
2005Bradford Bulls
96%
2006Bradford Bulls
96%
2007Bradford Bulls
96%
2008Bradford Bulls
96%
2017Huddersfield Giants
94.3%
2006Salford City Reds
93.5%
2007Huddersfield Giants
93.5%
2009Huddersfield Giants
93.5%
2009Hull KR
93.5%
2010Huddersfield Giants
93.5%
2010Hull KR
93.5%
2011Huddersfield Giants
93.5%
2011Hull KR
93.5%
2012Huddersfield Giants
93.5%
2013Huddersfield Giants
93.5%
2013Hull KR
93.5%
2014Huddersfield Giants
93.5%
2015Huddersfield Giants
93.5%
2004Wakefield Trinity Wildcats
92.7%
2009Wakefield Trinity Wildcats
92.7%
2012Wakefield Trinity Wildcats
92.7%
2016Wakefield Trinity Wildcats
92.7%
2014Widnes Vikings
91.9%
2016Widnes Vikings
91.9%
2003London Broncos
89.5%
2005London Broncos
89.5%
2017Wakefield Trinity Wildcats
88.6%
2008Catalans Dragons
87.1%
2009Catalans Dragons
87.1%
2011Catalans Dragons
87.1%
2012Catalans Dragons
87.1%
2013Catalans Dragons
87.1%
2014Catalans Dragons
87.1%
2015Catalans Dragons
87.1%
2016Catalans Dragons
87.1%
1998Halifax Blu Sox
74.2%
2010Crusaders RL
56.5%

You're not logged in!

Compare scores with friends on all Sporcle quizzes.
Join for Free
OR
Log In

You Might Also Like...

Show Comments

Extras

Top Quizzes Today


Score Distribution

Your Account Isn't Verified!

In order to create a playlist on Sporcle, you need to verify the email address you used during registration. Go to your Sporcle Settings to finish the process.

Report this User

Report this user for behavior that violates our Community Guidelines.

Details: